Santa Claus defeats the aliens [

Bibliographic Details
Main Author: Levine, Joseph E.
Format: Book
Published: Malaysia : Far East Pictures , 19-
Subjects:

MARC

LEADER 00000cam a2200000 7i4500
001 0000002185
002 000002382
005 20020925.0
020 |a 000002382 
090 0 0 |a JF   |b SAN 
100 1 |a Levine, Joseph E. 
245 1 0 |a Santa Claus defeats the aliens [  |h video recording]   |c Joseph E.Levine 
260 |a Malaysia :   |b Far East Pictures ,   |c 19- 
300 |a 1 Video recording VHS(80 minutes) :   |b col(PAL) 
500 |a Library has 1 copy 
650 0 0 |a Cartoon and carricatures 
999 |a 00081   |b VIDEO   |c KOLEKSI AUDIO VIDEO   |e PERPUSTAKAAN KOMUNITI PETALING JAYA